01414nam a2200181 a 450000100100000000500170001000800410002704000250006808200170009324501000011026000370021030000280024750506920027565100750096765100800104270000350112271000750115700004284120201002040434.0140211s1994 dr a 000 0 spa d aDO-SdBNPbspacBNPHU a382.6bP969r00aProyecto de reforma de la politica de exportación /cintroducción, Ellen Pérez de Cuello. aSanto Domingo :bADOEXPO,c1994. a127 p. :bil. ;c27 cm.0 aLa exportaciones, la competencia y la supervivencia/Carlos Despradel 7 -- La modernización y la concentración empresarial frente al comercio exterior/Dalton Daemon 43 -- Tecnología de la información y el comercio internacional 43 -- Planes económicos y desarrollo de las exportaiones/David Tunik 55 -- Técnicas de comercialización de agroexportaciones/David Flood 89 -- Reseña períodistica Técnicas de negociaciones comerciales internacionales /Juan Luis Colaiacovo 104 -- Aplicación del modelo chileno de promoción de exportaciones a la R.D./Fernando Soro 105 -- Asistencia flexible, práctica y directa a la empresa, el CDI y DOMINEX/José Alejandro Ayuso 123 4aRepública DominicanaxComercio ExteriorxEnsayos, Conferencias, Etc. 4aRepública DominicanaxPolítica EconómicaxEnsayos, Conferencias, Etc.12aPérez de Cuello, Elleneint.22aAsociación Dominicana de Exportadores, Inc. (República Dominicana)